<?xml version="1.0" encoding="UTF-8"?>
<marc:record xmlns:marc="http://www.loc.gov/MARC21/slim">
   <marc:leader>00000nam a2200000 a 4500</marc:leader>
   <marc:datafield ind1="1" ind2=" " tag="100">
      <marc:subfield code="a">Seidel, Anja</marc:subfield>
      <marc:subfield code="4">aut</marc:subfield>
      <marc:subfield code="e">Verfasser/-in</marc:subfield>
   </marc:datafield>
   <marc:datafield ind1="0" ind2="0" tag="245">
      <marc:subfield code="a">Kochen ohne Strom - Das Notfallkochbuch - Die 50 besten Rezepte für Alltag, Camping und Notfall</marc:subfield>
   </marc:datafield>
   <marc:datafield ind1="0" ind2="0" tag="245">
      <marc:subfield code="b">Mit wichtigen Tipps zu Stromausfall, Vorratshaltung, Wasserversorgung u.v.m.</marc:subfield>
   </marc:datafield>
   <marc:datafield ind1="0" ind2="0" tag="245">
      <marc:subfield code="c">Seidel, Anja</marc:subfield>
   </marc:datafield>
   <marc:datafield ind1=" " ind2="1" tag="264">
      <marc:subfield code="a">München</marc:subfield>
      <marc:subfield code="b">Bassermann</marc:subfield>
      <marc:subfield code="c">2021</marc:subfield>
   </marc:datafield>
   <marc:datafield ind1=" " ind2=" " tag="250">
      <marc:subfield code="a">Originalausgabe</marc:subfield>
   </marc:datafield>
   <marc:datafield ind1="1" ind2=" " tag="520">
      <marc:subfield code="a">Angaben aus der Verlagsmeldung&#xD;
&#xD;
Kochen ohne Strom - die 50 besten Rezepte für den Notfall oder die Campingküche : Mit Tipps und Wissenswertem rund um den Stromausfall / Blackout. Vorratshaltung, Wasserversorgung u.v.m.&#xD;
&#xD;
Katastrophenhelfer wissen es: Vorbereitung ist die beste Vorsorge! Deshalb haben das BBK, Bundesamt für Bevölkerungsschutz und Katastrophenhilfe, sowie wichtige Hilfsorganisationen einen großen Rezeptwettbewerb gestartet: Kochen ohne Strom, ohne frische Lebensmittel, mit möglichst geringem Wasserverbrauch und auch für Kocheinsteiger geeignet. Für dieses Buch wurden daraus die 50 besten Rezepte ausgewählt. Dazu gibt es die wichtigsten Infos und Tipps der Experten für den bestmöglichen Umgang mit der Notfallsituation.&#xD;
&#xD;
Ausstattung: durchgehend farbig bebildert</marc:subfield>
   </marc:datafield>
   <marc:datafield ind1=" " ind2=" " tag="020">
      <marc:subfield code="a">9783809445159</marc:subfield>
      <marc:subfield code="9">9783809445159</marc:subfield>
   </marc:datafield>
   <marc:datafield ind1=" " ind2=" " tag="020">
      <marc:subfield code="a">3809445150</marc:subfield>
      <marc:subfield code="9">3809445150</marc:subfield>
   </marc:datafield>
   <marc:datafield ind1=" " ind2=" " tag="041">
      <marc:subfield code="a">ger</marc:subfield>
   </marc:datafield>
   <marc:datafield ind1=" " ind2=" " tag="338">
      <marc:subfield code="a">Band</marc:subfield>
   </marc:datafield>
   <marc:datafield ind1=" " ind2=" " tag="300">
      <marc:subfield code="a">152 Seiten</marc:subfield>
   </marc:datafield>
</marc:record>
